000 00228nam a22000857a 4500
008 170621b xxu||||| |||| 00| 0 eng d
100 _93610
_aSingh. Y. K
245 _aGuidance and Career Counseling
260 _aNew Delhi
_bA. P. H
_c2009
999 _c6998
_d6998